| 000 | 02813nam2a2200301 4500 | ||
|---|---|---|---|
| 001 | RU\NLR\BIBL_A\012029687 | ||
| 005 | 20260407070935.0 | ||
| 035 | _a(NLR Aleph) 012029687 | ||
| 090 |
_a11544624 _c11544624 |
||
| 100 | _a20190604d2013 |||y0rusy50 ca | ||
| 101 | 0 | _arus | |
| 102 | _aRU | ||
| 105 | _aacbhz|||010zy | ||
| 200 | 0 |
_aТ. 13 _fНовгородская региональная общественная благотворительная организация инвалидов "Общество реабилитированных Новгородской области" [и др.] _gглавный редактор, составитель: Н.А. Ольшанский] |
|
| 210 |
_aВеликий Новгород _cОбщество реабилитированных Новгородской области _d2013 |
||
| 215 |
_a423 с., [8] л. цв. ил., карт. _cил., портр., карт., факс., табл. |
||
| 300 | _aВ надзаг. также: Общерос. обществ. благотвор. орг. инвалидов-жертв полит. репрессий "Рос. ассоц. реабилитир.", Правительство Новгор. обл., Департамент культуры и туризма Новгор. обл., Комиссия по восстановлению прав реабилитир. жерт полит. репрессий | ||
| 300 | _aНа тит. л.: 1150 лет Российской государственности, 75 лет памяти жерт "большого террора" в СССР | ||
| 320 | _aБиблиогр.: с. 394-413 и в подстроч. примеч. | ||
| 461 | 0 |
_1001RU\NLR\bibl\247207 _12001#$aКнига памяти жертв политических репрессий Новгородской области$fРос. ассоц. жертв полит. репрессий. Новгор. отд-ние$vТ. 13 _91416836 _cНовгород _d1993 _fРос. ассоц. жертв полит. репрессий. Новгор. отд-ние _nНовгор. отд-ние Рос. ассоц. жертв полит. репрессий _tКнига памяти жертв политических репрессий Новгородской области _vТ. 13 |
|
| 712 | 0 | 2 |
_4475 _a"Общество реабилитированных Новгородской области", региональная организация жертв необоснованных политических репрессий _cВеликий Новгород _9567248 _3RU\NLR\AUTH\8810034471 |
| 852 |
_aNLR _jС К-5/277 |
||
| 942 | _cBOOK | ||
| 980 | _aNB | ||